000 00298nam a2200121Ia 4500
008 191201s1988 xx 000 0 und d
100 _aBALDERESCHI,A
245 0 _aEpitaxial Electronic Materials
260 _aN. Delhi
_bWorld Scientific
_c1988
300 _a319
650 _aApplied
942 _2ddc
_cBK
999 _c611
_d611